000 00580nam a2200205Ia 4500
005 20260429112107.0
008 260429s9999||||xx |||||||||||||| ||und||
020 _a9781032536170
041 _aEnglish
082 _a615.3
_bOAK
100 _aOakeley, Henry
245 0 _aModern medicines from plants :
_bbotanical histories of some of modern medicine's most important drugs /
_cHenry Oakeley
250 _a1st ed.
260 _aBoca Raton :
_bCRC Press,
_c2024.
300 _a393 p.; pbk
650 _a Drungs
650 _a Medicines
650 _aPlants
942 _cTB
999 _c52316
_d52316